000 00839nam a22002417a 4500
008 140903t sp||||| |||| 00| 0 spa d
020 _a9788497687218
050 0 4 _aK625
_bD47 2010
245 0 0 _aDerecho, persona y ciudadanía
_b : una experiencia jurídica comparada
_c / Bernardo Periñán Gómez (coord.)
250 _a1a ed.
260 _aMadrid :
_bMarcial Pons,
_c2010
300 _a693 p. ;
_c24 cm.
504 _aIncluye bibliografía
650 7 _2Lemb
_aPersonas (Derecho)
_zEuropa
650 7 _2Lemb
_aPersonas (Derecho internacional)
650 7 _2Lemb
_aDerecho comparado
650 7 _2Lemb
_aCiudadanía
650 7 _2Lemb
_aCiudadanía
_zEuropa
700 1 _aPeriñán Gómez, Bernardo
_ecoaut. y coord.
700 1 _aAndrés Santos, Francisco J.
_ecoaut.
700 1 _aAlaéz Corral, Benito
_ecoaut.
942 _2lcc
_cLIB
999 _c12902
_d12902